| 000 | 00730nam a22002417a 4500 | ||
|---|---|---|---|
| 003 | OSt | ||
| 005 | 20140310181931.0 | ||
| 008 | 130722t xxu||||| |||| 00| 0 eng d | ||
| 020 | _a9780030544248 | ||
| 050 |
_aQ 181 _b.H758 2002 |
||
| 082 |
_aTRS 507 _bH74f 2002 |
||
| 100 |
_aHolt, Rinehart _92630 |
||
| 245 |
_aHolt science & technology science fair guide / _cHolt. |
||
| 260 |
_aAustin : _bHolt, Rinehart and Winston. _cc2002. |
||
| 300 |
_a75 p. : _bill. ; _c27 cm. |
||
| 500 | _a(consumable pages) | ||
| 521 | _aFaculty | ||
| 541 | _j1 | ||
| 562 | _e1 | ||
| 650 |
_aScience _xStudy and teaching (Secondary). _92752 |
||
| 650 |
_aTechnology _xstudy and teaching (Secondary). _92753 |
||
| 942 |
_2lcc _cBK-TR _kTR |
||
| 999 |
_c7373 _d7373 |
||